Diseño de la radial a Ciudad Quesada

Furkejuvvon:
Bibliográfalaš dieđut
Váldodahkki: López Ramírez, Daniel Andrés
Materiálatiipa: Dovdameahttun
Almmustuhtton: [San José, Costa Rica] 1981
Fáttát:
Fáddágilkorat: Lasit fáddágilkoriid
Eai fáddágilkorat, Lasit vuosttaš fáddágilkora!

MARC

LEADER 00000 a2200000 4500
003 001401
005 20221231143743.0
008 140114s1981 c a m 000 ||s d
040 |c cru CEDI 
090 |a TFG 1029 
100 |a López Ramírez, Daniel Andrés  |9 15881 
245 |a Diseño de la radial a Ciudad Quesada 
260 |c 1981  |a  [San José, Costa Rica] 
300 |a  [83] hojas : ilustraciones (algunas plegables) ; 28 cm  
500 |a  Proyecto de graduación (ingeniero civil)--Universidad de Costa Rica 
650 |x CARRETERAS - COSTA RICA   |x CARRETERA RADIAL CIUDAD QUESADA  |9 15882 
942 |c TFG 
999 |c 11289  |d 11289